000 00280nam a22001337a 4500
008 170627b xxu||||| |||| 00| 0 eng d
020 _a0822311453
041 _aeng
080 _a32
100 _a21
101 _aSHP
245 _aSURGE TO FREDOM
_cBROWN,J.F
942 _2udc
_cBK
999 _c19149
_d19149